Culture générale - baccalauréat - Statistiques

Statistiques générales
  • Ce quiz a été pris 172 fois
  • Le résultat moyen est 20 sur 35
Statistiques - réponses
Question Réponse % Correct
Quel est le nom de l’auteur du roman Les Misérables ? Victor Hugo
99%
Quelle est l’unité de mesure de la vitesse dans le système international ? m/s
96%
Comment appelle-t-on la période de tensions entre les États-Unis et l’URSS après 1945 ? Guerre froide
90%
En quelle année débute la Révolution française ? 1789
89%
Quelle est la capitale du Canada ? Ottawa
86%
Sur quel continent se situe le désert de Gobi ? Asie
81%
Combien font 25 % de 200 ? 50
80%
Combien vaut √81 ? 9
79%
Quelle fonction occupait Napoléon Bonaparte après 1804 ? Empereur
79%
Comment traduit-on la phrase « je mange » en anglais ? I eat
79%
Quelle est la capitale du Royaume-Uni ? Londres
78%
Résous l’équation suivante : 2x+4=10 3
75%
Combien y a-t-il de planètes dans le système solaire ? 8
75%
Qui devient président de la France en 1981 ? François Mitterrand
72%
Quelle est la formule chimique de l’eau ? H2O
72%
Comment appelle-t-on une figure de style qui compare sans outil de comparaison ? Métaphore
71%
Quel est le résultat de 12 au carré ? 144
68%
Quel scientifique a formulé la loi de la gravitation universelle ? Isaac Newton
63%
Que permet de calculer cette formule : 𝑣=𝑑/𝑡 Vitesse
62%
Comment appelle-t-on le processus de transformation de la lumière en énergie chimique par les plantes ? Photosynthèse
61%
Quel est le prétérit du verbe “to go” ? Went
61%
Quel gaz est principalement absorbé par les plantes ? CO2
55%
Quel est le synonyme de “small” ? Little
54%
Quel traité met fin à la Première Guerre mondiale en 1919 ? Traité de Versailles
54%
Comment appelle-t-on le phénomène d’intensification des échanges dans le monde ? Mondialisation
50%
Comment nomme-t-on les indications données par l’auteur dans une pièce de théâtre ? Didascalies
43%
Comment s’appelle la division cellulaire permettant la reproduction des cellules ? Mitose
32%
Comment appelle-t-on la chaîne de montagnes située entre la mer Noire et la mer Caspienne ? Caucase
22%
Quel est le registre principal utilisé dans une tragédie classique ? Tragique
21%
Quel type de fonction a une représentation graphique en ligne droite ? Fonction linéaire
20%
Comment appelle-t-on un pays connaissant une forte croissance économique récente ? Pays émergent
17%
Quel organe produit les globules rouges chez l’homme ? Moelle osseuse
12%
À quel courant littéraire appartient Albert Camus ? Absurde
11%
Quelle est la forme négative de “She eats apples” ? Shes doesn't eat apples
1%
Comment définit-on une cellule en biologie ? Unité vivante
0%
Aucun quiz correspondant
Distribution des résultats
% des personnes avec chaque résultat
Percentile par nombre de réponses
Votre historique - résultats
Vous n’avez pas pris ce quiz